[Event "75th Hastings it"]
[Site "Hastings ENG"]
[Date "2000.01.06"]
[Round "3"]
[White "Bischoff, Klaus"]
[WhiteTitle "GM"]
[WhiteElo "2544"]
[Black "Sutovsky, Emil"]
[BlackTitle "GM"]
[BlackElo "2597"]
[Result "0-1"]
[PlyCount "52"]
[EventDate "2000.01.04"]

1. Nf3 Nf6 2. d4 g6 3. Nbd2 d5 4. e3 Bg7 5. b4 O-O 6. Be2 ({Bischoff continued} 6. a4 {against Smejkal in 1999 and drew in 17 moves}) 6... Nfd7 7. O-O (7. c4 {was unconvincing in De Santis-LadanyiBudapest 1997. The game continued} e5 8. cxd5 exd4 9. Nxd4 Nb6 10. Bb2 Nxd5 11. a3 Nf4 $1 {and Black was in good shape.}) 7... e5 8. c3 Re8 9. a4 a5 10. b5 c5 11. bxc6 bxc6 12. Rb1 Ba6 13. c4 e4 14. Ne1 Nb6 15. c5 ({In view of what transpires,} 15. Qc2 {may turn out to be a safer option.}) 15... Bxe2 16. Qxe2 Nxa4 $5 {?A free pawn and a big fork threat - but how will Black ever get his knight back to safety?} 17. Rb3 Nd7 18. Ba3 (18. Ra3 {traps the knight but then} Ndxc5 19. dxc5 (19. Qd1 $5 {is tempting but after} Bf8 20. Rxa4 Nxa4 21. Qxa4 {White's pieces are very uncoordinated.}) 19... Nc3 {and if the Queen moves out to g5, then 20...f5 sets up 21...Ne2+ and 22...Nxc1.}) 18... Rb8 19. Qd1 Rb5 $1 {It looks like the knight should drop off with no further ado, but White cannot move the b3 rook anywhere to open up the threat.} 20. Rxb5 $2 {Going down without a fight.} Nc3 21. Qb3 Nxb5 22. Nc2 Qa8 23. Bb2 a4 24. Qb4 (24. Qa2 {was obligatory but offered little long-term hope.}) 24... Rb8 25. Ra1 Nxd4 26. Rxa4 Nxc2 0-1

[Event "75th Hastings it"]
[Site "Hastings ENG"]
[Date "2000.01.07"]
[Round "4"]
[White "Sutovsky, Emil"]
[WhiteTitle "GM"]
[WhiteElo "2597"]
[Black "Dreev, Alexei"]
[BlackTitle "GM"]
[BlackElo "2680"]
[Result "1/2-1/2"]
[PlyCount "49"]
[EventDate "2000.01.04"]

1. e4 c6 2. d4 d5 3. e5 Bf5 4. Nc3 e6 5. g4 Bg6 6. Nge2 Ne7 7. Nf4 c5 8. h4 cxd4 9. Nb5 Nec6 10. h5 Be4 11. f3 a6 12. Nd6+ Bxd6 13. exd6 g5 14. Nh3 h6 15. fxe4 dxe4 16. Bg2 f5 17. O-O O-O 18. gxf5 exf5 19. Bxe4 fxe4 20. Bxg5 Rxf1+ 21. Qxf1 hxg5 22. Qf5 Qd7 23. Qg6+ Qg7 24. Qe8+ Qf8 25. Qg6+ 1/2-1/2

[Event "75th Hastings it"]
[Site "Hastings ENG"]
[Date "2000.01.08"]
[Round "5"]
[White "Dreev, Alexei"]
[WhiteTitle "GM"]
[WhiteElo "2680"]
[Black "McShane, Luke"]
[BlackTitle "IM"]
[BlackElo "2438"]
[Result "0-1"]
[PlyCount "132"]
[EventDate "2000.01.04"]

1. d4 Nf6 2. c4 g6 3. Nc3 Bg7 4. e4 d6 5. f3 O-O 6. Nge2 c5 7. d5 e6 8. Ng3 exd5 9. cxd5 h5 10. Bg5 Qb6 11. Qd2 Nh7 12. Bh4 Nd7 13. f4 Re8 14. Bc4 Bf6 15. Bxf6 Nhxf6 16. e5 dxe5 17. f5 e4 18. fxg6 fxg6 19. d6+ Kg7 20. O-O e3 21. Qc2 Qxd6 22. Nb5 Qe5 23. Nf5+ gxf5 24. Rxf5 Qe4 25. Rg5+ Kf8 26. Bd3 Qh4 27. Rf5 c4 28. Bxc4 Re5 29. Rf3 Rc5 30. b3 e2 31. Qxe2 Rxb5 32. Raf1 Qd4+ 33. Kh1 Re5 34. Qc2 Ke7 35. Qg6 Re3 36. Rf4 Qd6 37. h3 b5 38. Bxb5 Ba6 39. Qg7+ Kd8 40. Qh8+ (40. Bxa6 Qxa6 41. Rxf6 Nxf6 42. Rxf6 Re1+ (42... Qb5 43. Rf8+ Re8 44. Qf6+ Kc8 45. a4 Qd7 46. Rf7) 43. Kh2 Qb5 44. Rd6+ Ke8 45. Rh6 Rh1+ 46. Kxh1 Qf1+) 40... Re8 41. Rxf6 Rxh8 42. Rxd6 Bxb5 43. Rfd1 Kc7 44. Re6 Rae8 45. Rc1+ Kb7 46. Rd6 Ne5 47. Rd4 a6 48. Rc2 Rd8 49. Re4 Rd5 50. a4 Bc6 51. Kh2 Nd3 52. Rec4 Rh6 53. Re2 a5 54. Kg3 Rg5+ 55. Kh4 Rhg6 56. g4 hxg4 57. Rxg4 Rxg4+ 58. hxg4 Bf3 59. Re7+ Kb6 60. g5 Nc5 61. Re3 Bd1 62. Re8 Rg7 63. Rb8+ Rb7 64. Rd8 Bxb3 65. g6 Nxa4 66. Kg5 Bc2 0-1